| 000 | 00000nas 2200000za 4500 |
| 001 | 9.806427 |
| 003 | CaOODSP |
| 005 | 20221107135905 |
| 007 | cr ||||||||||| |
| 008 | 150406d19961998onc x m o f0 b0fre|d |
| 040 | |aCaOODSP|bfre |
| 043 | |an-cn--- |
| 086 | 1 |aEn153-6F-PDF |
| 245 | 00|aÉtablissements industriels |h[ressource électronique] : |bfaits saillants. |
| 260 | |aOttawa : |bEnvironnement Canada, |c1996-1998. |
| 310 | |aIrrégulier |
| 362 | 0 |aFiche 1-fiche 106. |
| 500 | |aPubl. aussi en anglais sous le titre : Industrial plants : highlights. |
| 692 | 07|2gccst|aProtection de l'environnement |
| 692 | 07|2gccst|aBâtiment industriel |
| 710 | 1 |aCanada. |bEnvironnement Canada. |
| 710 | 2 |aSaint-Laurent Vision 2000 (Canada) |
| 775 | 08|tIndustrial plants |w(CaOODSP)9.806424 |
| 776 | 0#|tLes établissements industriels: faits saillant / |w(CaOODSP)9.512955 |